Most No.1 Songs - Statistics

General Stats
  • This quiz has been taken 16 times
  • The average score is 5 of 11
Answer Stats
Answer % Correct
Michael Jackson
79%
Taylor Swift
79%
The Beatles
71%
Drake
43%
Janet Jackson
43%
Mariah Carey
36%
Whitney Houston
36%
Madonna
29%
Rihanna
29%
The Supremes
21%
Stevie Wonder
14%
No matching quizzes found
Score Distribution
Percent of People with Each Score
Percentile by Number Answered
Your Score History
You have not taken this quiz